| 000 | 00565nam a2200193 4500 | ||
|---|---|---|---|
| 001 | 132359 | ||
| 003 | ES-MaACL | ||
| 005 | 20240531062944.0 | ||
| 007 | t| | ||
| 008 | 070214s1959 sp r ||||1| cat d | ||
| 100 | 1 |
_aRomero Pérez, Luis, _d1916-2009 _999338 |
|
| 245 | 1 | 3 |
_aEl carrer / _cLluis Romero. |
| 260 |
_aBarcelona : _bAlberti, _c1959. |
||
| 300 |
_a142 p. ; _c16 cm. |
||
| 490 | 1 |
_aNova Col-lecció Lletres ; _v49 |
|
| 830 | 0 |
_aNova Col-lecció Lletres ; _v49 _9181916 |
|
| 852 |
_aES-MaACL _jC-18139 _bR.45968 |
||
| 999 |
_c132359 _d132359 |
||